Quizzes
Events
Quiz Creation
Community
Videos
Private Events
Remove Ads
Sign In
Join for FREE
Feedback
Dark Mode
Quiz Categories
Sports
Geography
Music
Movies
Television
Just For Fun
Miscellaneous
History
Literature
Language
Science
Gaming
Entertainment
Religion
Holiday
For Kids
Quiz Lab
Recent
Popular Today
Quiz Kudos Today
Editor Picks
Curator Picks
Quizzes by...
Day
Popularity
Type
Ratings
Length
Year
Community
Subscriptions
Recent Discussions
Orange Saloon
Badges
Playlists
Quests
Create
Leaderboards
Showdown
Live 5
Trivia Bingo
Activity
Puzzle Library
Sporcle Events
Private Events
Virtual Trivia
Globe League
Become a Host
Pub Owners
SporcleCon
Opinionation
Our Games
Videos
Blog
Mobile Apps
Partnerships
Remove Ads and Go Orange
Feedback
Geography
Country
Landmarks
City
State
Population
World
Capital
Continent
Flags
Europe
Africa
Asia
South America
North America
Oceania
Border
Canada
United Kingdom
Topography
United States
Geography
Country
Landmarks
City
State
Population
World
Capital
Continent
Flags
Europe
Africa
Asia
South America
North America
Oceania
Border
Canada
United Kingdom
Topography
United States
Random Quiz
Search Sporcle
×
Quiz Lab
Quiz Lab
Geography
Country
Select answers by clicking on text or image buttons
Select answers by clicking on text or image buttons
Clickable
Best Score? Go Orange.
Click the 'Not Free' countries Stats
Can you pick the countries rated by Freedom in the World 2015 as 'Not Free'
By
PLH
10m
52 Questions
141 Plays
141 Plays
141 Plays
Comments
Comments
Give Quiz Kudos
Give Quiz Kudos
-
- Ratings
hide this ad
Replay
Link that replays current quiz
Next Quiz
Link to next quiz in quiz playlist
You Got
0%
They Got
Avg Score
62%
Avg Friend Score
Upgrade to see
Score Distribution
Jump to the score distribution portion of the page
Score
0/52
Timer
10:00
0
Plays Today
% Correct
Afghanistan
87.2%
Central African Republic
81.6%
Democratic Republic of the Congo
81.6%
Eritrea
77.3%
Iran
77.3%
Iraq
77.3%
Libya
77.3%
North Korea
76.6%
China
76.6%
Bahrain
75.9%
Cuba
75.2%
Chad
74.5%
Myanmar (Burma)
73.8%
Belarus
70.2%
Egypt
69.5%
Algeria
68.8%
Djibouti
67.4%
Saudi Arabia
67.4%
Brunei
65.2%
Russia
64.5%
Azerbaijan
63.8%
Ethiopia
63.1%
Qatar
63.1%
Equatorial Guinea
62.4%
Kazakhstan
62.4%
Palestine
62.4%
% Correct
Somalia
61.7%
Angola
61%
South Sudan
60.3%
Turkmenistan
59.6%
Oman
59.6%
Sudan
58.9%
Burundi
58.2%
Republic of the Congo
57.4%
Uzbekistan
57.4%
Syria
56.7%
Yemen
56.7%
Gambia
55.3%
Cambodia
55.3%
Cameroon
54.6%
Gabon
54.6%
United Arab Emirates
54.6%
Laos
53.9%
Mauritania
53.2%
Zimbabwe
53.2%
Tajikistan
51.1%
Jordan
51.1%
Rwanda
48.9%
Vietnam
46.8%
Swaziland
43.3%
Uganda
31.9%
Thailand
24.8%
Quiz Playlist
Details
Report
Send in Message
Add To Playlist
Clickable:
Select answers by clicking on text or image buttons
Quiz Source
Last Updated: Feb 16, 2017
Quiz Scoreboard
CHALLENGE
Sign Up to Join the Scoreboard
Show All
Scores
Hide
Comments
May contain spoilers
Recently Published
College Basketball Coaching Resumes
by pancakes188
Sports
9m
Billboard Blitz: Fleetwood Mac
by CooCooCachoo
Music
15s
Presidents Visiting Landmarks
by Hejman
History
7m
More to Explore
Quiz From the Vault
Featured Blog Post
Where Did the Easter Bunny Come From?
hide this ad
You Might Also Like...
Tags
Clickable Quiz
Country Quiz
World Quiz
2015
free
Freedom
Not Free
Rated
Today's Top Quizzes in Geography
Browse Geography
hide this ad
Today's Top Quizzes in Country
Browse Country
Top Contributed Quizzes in Geography
1
Countries of the World - No Outlines Minefield
2
Top 25 Cities of France on a map
3
Any capital of a 'B' country per Continent
4
Any capital of a 'C' country per Continent
5
Closest Countries to UK A-Z
6
Any capital of a 'D' country per Continent
7
5-to-1: US Geography No Hints
8
Any capital of an 'E' country per Continent
9
One Thing in Common: United Kingdom
10
Click the Alabama Counties! (Map)
Explore More
Trending Topics
Harry Potter
Marvel
Kpop
Crossword
Anime
NBA
Disney
Soccer
Puzzle
Pokémon
Country
NFL
Song
The Office
WWE
hide this ad
More By:
PLH
Quiz
Plays
Rating
Category
Featured
Created
Europe in 1914 Minefield
289,800
4.14
History
Feb 22, 2015
Border Chain Minefield III
256,684
4.58
Geography
Feb 28, 2016
Europe by Largest Non-Capital City
81,818
4.66
Geography
Jul 13, 2014
Find the Former USSR Countries
66,516
4.28
Geography
Nov 20, 2015
Digits in Order of First Appearance in Pi
56,324
4.51
Science
Sep 25, 2015
Go to Creator's Profile
Score Distribution
Quiz Creator Spotlight
PLH
Follow
Send a Message
Quizzes Created
-
Created Quiz Play Count
-
More By This Creator
Popular Quizzes Today
1
Find the US States - No Outlines Minefield
2
Find the Countries of Europe - No Outlines Minefield
3
The Countries of the World
4
Find the US States
5
Risky Map Clicking: Biggest States A-Z
6
US States
7
Popular People in 1961
8
Movies - When Are They Set?
More Geography Quizzes
Second 'L' Countries
Published
Trending Quizzes
Risky Map Clicking: Least Populous States A-Z
1-10 Letter G Words
1-10 Letter F Words
Risky Map Clicking: Next State Alphabetically
Click the Washington State Counties! (Map)
Recently Updated
Leaping Animals
pecheneg
Reality TV Shows (A-Z)
bhenderson79
Rickey Henderson's Hall of Fame Teammates
pecheneg
Champions League XIs: Arsenal
pecheneg
Quick Pick: Celebrities in WWE's Hall of Fame
aduchscher
A-Z Keypad Blitz II
pecheneg
Multiple Oscar Actors
pecheneg
Mystery Phrase Blitz: Oscar 'Best Actors'
pecheneg
F. Scott Fitzgerald Novels
LTH
Pick 3 Villains
ddd62291
Trending Topics
Disney
Kpop
Anime
Crossword
Marvel
NBA
Harry Potter
Soccer
Song
Country
The Office
NFL
Pokémon
Puzzle
WWE
Your Account Isn't Verified!
In order to create a playlist on Sporcle, you need to verify the email address you used during registration. Go to your
Sporcle Settings
to finish the process.
Report this User
Report this user for behavior that violates our
Community Guidelines
.
Details:
Send Report
Go to the Sporcle.com Mobile Site →
Comments